000 00429nam a2200145 4500
001 114079
003 ES-MaACL
005 20230906190055.0
007 t|
008 061121s1966 sp r ||||1| val d
245 0 4 _aEls paisatges i pobles valencians descrits pels nostres escriptors /
_cEmili Beüt i Belenguer.
260 _aValencia :
_bL'Estel,
_c1966.
300 _a219 p. ;
_c22 cm.
852 _aES-MaACL
_jC-29772
_bR.60404
999 _c114079
_d114079